Statistics for National Champions Jerseys

Click here to take the quiz!

General Stats

  • This quiz has been taken 16 times
  • The average score is 12 of 16

Answer Stats

Answer% Correct
Israel
100%
Norway
100%
Sweden
100%
United States
100%
Finland
86%
Barbados
79%
Serbia
79%
Slovenia
79%
Thailand
79%
Azerbaijan
71%
Kazakhstan
71%
Cuba
64%
Paraguay
57%
Ethiopia
50%
Puerto Rico
43%
Mexico
21%

Score Distribution

Percentile by Number Answered

Percent of People with Each Score

Your Score History

You have not taken this quiz